000 00255nam a2200109Ia 4500
008 190216s9999||||xx |||||||||||||| ||und||
100 _aJagadish Singh
245 0 _aHindi-Durgadas Ratand
260 _bHindi Sahithya Sadan
650 _aHindi
942 _cBK
999 _c15504
_d15504